000 00389nam a2200169Ia 4500
999 _c85795
_d85795
003 0100
005 20170405121926.0
008 130307s9999 xx 000 0 und d
040 _cARRUPELIB
050 _aBX4705.F51935
100 _aFlood, J.M
_929670
245 2 _aA noble company
245 _bshort studies of great lives
260 _aLondon
260 _bAlexander Ouseley LTD
260 _c1935
300 _a181p
690 _aChristian saints
_xBiography
_929671
942 _2lcc
_cMONOGRAPH